header

Coherent laser beam combining (Record no. 36358)

MARC details
000 -LEADER
fixed length control field 01087nam a2200289Ia 4500
245 00 - TITLE STATEMENT
Title Coherent laser beam combining
260 ## - PUBLICATION, DISTRIBUTION, ETC. (IMPRINT)
Place of publication Weinheim :
Name of publisher Wiley-VCH,
Year of publication c2013.
300 ## - PHYSICAL DESCRIPTION
Number of Pages xxvi, 481 p. :
Other physical details ill.
650 #0 - SUBJECT ADDED ENTRY--TOPICAL TERM
Topical Term Nonlinear optics.
Topical Term Laser beams.
700 1# - ADDED ENTRY--PERSONAL NAME
Personal name Brignon, Arnaud.
856 40 - ELECTRONIC LOCATION AND ACCESS
Uniform Resource Identifier http://site.ebrary.com/lib/rucke/Doc?id=10738058

No items available.

© 2026 Rongo University
Contact us: librarian | system librarian | Rongo university